Global sourcing -its impact on intermodal transportation
Téma spôsobov transportu komponentov existuje už dlhý čas. Obdobie informačnej a komunikačnej technológie spôsobuje výrazné zmeny vo všetkých aspektoch obchodného prostredia, ktorého globálne zaisťovanie dodávok je príkladom. Dopyt po nákladnej doprave. Význam využitia viacerých spôsobov dopravy pr...
Salvato in:
| Autore principale: | |
|---|---|
| Natura: | Capitolo di libro |
| Lingua: | inglese |
| Soggetti: | |
| Tags: |
Nessun Tag, puoi essere il primo ad aggiungerne!!
|
MARC
| LEADER | 00000naa$a2200000$$$4500 | ||
|---|---|---|---|
| 001 | 0051334 | ||
| 005 | 20240502071611.0 | ||
| 041 | 0 | |a eng | |
| 044 | |a SK | ||
| 245 | 1 | 0 | |a Global sourcing -its impact on intermodal transportation |c Ho Thi Thu Hoa |
| 520 | |a Téma spôsobov transportu komponentov existuje už dlhý čas. Obdobie informačnej a komunikačnej technológie spôsobuje výrazné zmeny vo všetkých aspektoch obchodného prostredia, ktorého globálne zaisťovanie dodávok je príkladom. Dopyt po nákladnej doprave. Význam využitia viacerých spôsobov dopravy pri zabezpečovaní dodávok. Článok je súčasťou výskumného projektu VEGA č. 172 (1/3761/06). | ||
| 610 | 2 | 0 | |a doprava |
| 610 | 2 | 0 | |a doprava kombinovaná |
| 610 | 2 | 0 | |a doprava integrovaná |
| 610 | 2 | 0 | |a dodávky |
| 610 | 2 | 0 | |a obchod medzinárodný |
| 100 | 1 | |a Ho Thi Thu Hoa | |